| 000 | 00870nam a22002177a 4500 | ||
|---|---|---|---|
| 003 | OSt | ||
| 005 | 20210113093141.0 | ||
| 008 | 210113b ||||| |||| 00| 0 spa d | ||
| 020 | _a9945400053 | ||
| 040 |
_aDO-SdBNP _bspa _cBNPHU |
||
| 082 |
_axxx _bR579b |
||
| 100 | 1 | 0 |
_aRincòn, Andrea Griselda _972483 |
| 245 | 1 | 0 |
_aBiologìa : _bteorìa y pràctica : primero de bachillerato, primer curso-primer ciclo / _cAndrea Griselda Rincòn, Julia Mery Vàzquez Guichard, Juana de Jesùs Ruìz ; ilustrador Rafael Hutchinson Silveira, portada Carlos Peña Juzgado |
| 260 |
_aSanto Domingo : _bActualidad Escolar 2000, _c[2000] |
||
| 300 |
_a160 p. : _bIl. _c28.5 cm |
||
| 590 | _aInventariado, 2021 / DG | ||
| 700 |
_aVàzquez Guichard, Julia Mery _eAutora _977669 |
||
| 700 |
_aJesùs Ruìz, Juana de _eAutora _977670 |
||
| 910 | _aInventariado, 2021 / DG | ||
| 942 |
_2ddc _cLBS1 |
||
| 999 |
_c49317 _d49317 |
||